| 000 | 02558nkm a2200517 a 4500 | ||
|---|---|---|---|
| 999 |
_c208977 _d208977 |
||
| 003 | BLK | ||
| 005 | 20250119004114.0 | ||
| 008 | 180412b bul rap|r|||| r0| ||bulo| | ||
| 010 | _aKNG00077480000 | ||
| 020 | _a954-516-533-2 | ||
| 040 | _aBLK | ||
| 041 |
_aBUL _cBUL |
||
| 080 |
_aХудожествени изделия от злато, сребро, платина. Златарско изкуство - Техника (гравиране, насичане, инкрустиране, филигран и др.), марки на златари и др. _b739.1 _x(398) _z739.1(398) |
||
| 080 |
_aИзобразителни изкуства и художествени занаяти _b73/76 _x.032(398)(084) _z73/76.032(398)(084) |
||
| 080 |
_aПаметници на културата на историческите периоди. Археологическите паметници. Старини _b904 _x(497.2=919.885)(084) _z904(497.2=919.885)(084) |
||
| 080 |
_aТракийски племена и тракийска държава (V в. пр. н. е. -V в. от н. е. ) _b94(497.2)"-04/+04" _x(084) _z94(497.2)"-04/+04"(084) |
||
| 100 | 1 |
_aМаразов, Иван Русев _d1942 - _gИзкуствовед, културолог, траколог. _992502 |
|
| 139 |
_aМаразов, Иван Русев _bМ 29 |
||
| 245 | 1 | 0 |
_aДревна Тракия _cИван Русев Маразов. |
| 257 | _aBGR | ||
| 260 |
_bЛетера _c2005 _fСофия : Лито Балкан _aСофия |
||
| 300 |
_a191 с. _bс цв. ил. _c30 см |
||
| 380 | _a7 | ||
| 490 |
_aПоредица Луксозни албуми _9203549 |
||
| 500 | _aАвт. не е отбелязан на кор. | ||
| 650 | 4 |
_aИзобразително изкуство - албуми _9257551 |
|
| 650 | 4 |
_aТраки - история и култура _9266676 |
|
| 650 | 0 |
_aБългария - история _9244493 |
|
| 651 | 4 |
_aДревна Тракия _9245252 |
|
| 651 | 4 |
_aБългария _9241624 |
|
| 653 | _aизобразително изкуство | ||
| 653 | _aстарини | ||
| 653 | _aистория | ||
| 653 | _aтраки | ||
| 653 | _aзлатни предмети | ||
| 653 | _aсребърни предмети | ||
| 653 | _aплатина | ||
| 852 | _aЦб ІІ 27174 | ||
| 856 | 4 |
_qpdf _u |
|
| 856 | 4 |
_qpdf _u |
|
| 942 |
_cGRA _n0 _s1 |
||
| 944 |
_aCR _c16.08.2007 _k _lCRON CRON |
||
| 944 |
_aED _c20.10.2008 |
||
| 944 |
_aED _c2021-02-16 _kВК |
||
| 999 | _d208977 | ||